Statistics for Chad Country Quiz

Click here to take the quiz!

General Stats

  • This quiz has been taken 5,845 times
    (5,811 since last reset)
  • The average score is 14 of 18

Answer Stats

Clue Answer % Correct
Desert that covers the northern third of ChadSahara
99%
Bordering countriesNiger
95%
Bordering countriesSudan
94%
Bordering countriesLibya
94%
Bordering countriesNigeria
91%
Official languagesFrench
90%
Bordering countriesCentral African Republic
88%
What accounts for 96% of Chad's exportsOil
87%
European country whose flag is nearly identical to Chad's:
Romania
85%
Official languagesArabic
85%
Bordering countriesCameroon
77%
Trailing only Kazakhstan and Mongolia, Chad is the third largest
country in the world that is ___________
Landlocked
75%
Capital cityN'djamena
71%
Largest sector of the Chadian economyAgriculture
70%
Style of marriage that is common, with 39% of women living in such a unionPolygamy
65%
The country of Chad is named for a ____Lake
63%
Fruit that grows in palm trees in the oases of the above{Date}s
60%
One third of the population belong to this ethnic group
(hint: also a common English girl's name)
Sara
24%

Score Distribution

Percentile by Number Answered

Percent of People with Each Score

Your Score History

You have not taken this quiz since the last reset